The life and thought of Mohammad Jalal-ud-din Rumi / (Record no. 22028)
[ view plain ]
| 000 -LEADER | |
|---|---|
| fixed length control field | 00759nam a22002413a 4500 |
| 001 - CONTROL NUMBER | |
| control field | 22028 |
| 003 - CONTROL NUMBER IDENTIFIER | |
| rucl marc code | BD-RjUL |
| 005 - DATE AND TIME OF LATEST TRANSACTION | |
| control field | 20211209000746.0 |
| 008 - FIXED-LENGTH DATA ELEMENTS--GENERAL INFORMATION | |
| fixed length control field | 860101s1956 ii a b 000 0 eng d |
| 035 ## - SYSTEM CONTROL NUMBER | |
| System control number | (BD-RjUL)22093 |
| 040 ## - CATALOGING SOURCE | |
| Original cataloging agency | TEU |
| Transcribing agency | TEU |
| Modifying agency | EQO |
| -- | BD-RjUL |
| Language of cataloging | eng |
| 041 ## - LANGUAGE CODE | |
| Language code of text/sound track or separate title | eng |
| 082 ## - DEWEY DECIMAL CLASSIFICATION NUMBER | |
| Classification number | 891.51 |
| Author mark and year | IQL |
| 100 1# - MAIN ENTRY--PERSONAL NAME | |
| Personal name | Iqbal, Afzal. |
| 9 (RLIN) | 5063 |
| 245 14 - TITLE STATEMENT | |
| Title | The life and thought of Mohammad Jalal-ud-din Rumi / |
| Statement of responsibility, etc. | by Afzal Iqbal ; with a foreword by A.J. Arberry. |
| 260 ## - PUBLICATION, DISTRIBUTION, ETC. (IMPRINT) | |
| Place of publication, distribution, etc. | Lahore : |
| Name of publisher, distributor, etc. | Bazm-i-Iqbal, |
| Date of publication, distribution, etc. | 1956. |
| 300 ## - PHYSICAL DESCRIPTION | |
| Pagination | 196 p. : |
| Illustrations | ill. ; |
| Size | 24 cm. |
| 504 ## - BIBLIOGRAPHY, ETC. NOTE | |
| Bibliography, etc | Includes bibliographical references. |
| 600 00 - SUBJECT ADDED ENTRY--PERSONAL NAME | |
| Personal name | Jalāl al-Dīn Rūmī, |
| Titles and other words associated with a name | Maulana, |
| Dates associated with a name | 1207-1273. |
| 650 #0 - SUBJECT ADDED ENTRY--TOPICAL TERM | |
| Topical term or geographic name as entry element | Sufis |
| Form subdivision | Biography. |
| 9 (RLIN) | 68031 |
| 942 ## - ADDED ENTRY ELEMENTS (KOHA) | |
| Source of classification or shelving scheme | Dewey Decimal Classification |
| Koha item type | Books |
| Lost status | Source of classification or shelving scheme | Damaged status | Not for loan | Collection code | Permanent Location | Current Location | Shelving location | Date acquired | Source of acquisition | Cost, normal purchase price | Total Checkouts | Full call number | Date last seen | Copy number | Koha item type |
|---|---|---|---|---|---|---|---|---|---|---|---|---|---|---|---|
| Dewey Decimal Classification | Fiction | Central Library, University of Rajshahi | Central Library, University of Rajshahi | 21/01/1967 | Royal Pub. | 10.00 | 891.51 IQL 1964 | 06/03/2014 | C-3 | Books |